| 000 | 00984nam a2200301 4500 | ||
|---|---|---|---|
| 003 | EC-UNACH | ||
| 005 | 20251222075021.0 | ||
| 006 | s||||gr|||| 00| 00 | ||
| 008 | 150116t9999 mx r gr 000 0 spa d | ||
| 020 | _aS/N | ||
| 040 |
_aEC-UNACH _cEC-UNACH |
||
| 041 | _aspa | ||
| 082 | 0 | 4 |
_223 _a711.4 _bL018570 |
| 110 | _aS/N | ||
| 245 | _aRecuperación urbana del sector centro de la parroquia del quinche cantón quito provincia de pichincha | ||
| 250 | _aS/N | ||
| 264 |
_aEcuador _bS/N _c2015 |
||
| 300 | _a328 | ||
| 505 | _a-Capitulo 1- Etapa preliminar -Capitulo 2- Marco teórico -Capitulo 3- Plan de trabajo Bibliografía Anexos Léxico de Categorías | ||
| 650 | _aJUSTIOFICACIÓN ACADEMICA | ||
| 650 | _aRECURSOS | ||
| 650 | _aFACTORES CLIMATICOS | ||
| 700 | _aNaranjo Córdova Marco Antonio / Riera Caiza Napoleón | ||
| 942 |
_2ddc _c1 |
||
| 999 | _c14341 | ||